Text Book of Fluid Mechanics (Record no. 6505)
[ view plain ]
| 000 -LEADER | |
|---|---|
| fixed length control field | 00294nam a2200121Ia 4500 |
| 008 - FIXED-LENGTH DATA ELEMENTS--GENERAL INFORMATION | |
| fixed length control field | 191201s2015 xx 000 0 und d |
| 100 ## - MAIN ENTRY--PERSONAL NAME | |
| Personal name | RAJPUT,R.K. |
| 245 #0 - TITLE STATEMENT | |
| Title | Text Book of Fluid Mechanics |
| 260 ## - PUBLICATION, DISTRIBUTION, ETC. (IMPRINT) | |
| Place of publication, distribution, etc | N. delhi |
| Name of publisher, distributor, etc | S Chand |
| Date of publication, distribution, etc | 2015 |
| 300 ## - PHYSICAL DESCRIPTION | |
| Extent | 710 |
| 650 ## - SUBJECT ADDED ENTRY--TOPICAL TERM | |
| Topical term or geographic name as entry element | B.Tech(CE) |
| 942 ## - ADDED ENTRY ELEMENTS (KOHA) | |
| Source of classification or shelving scheme | Dewey Decimal Classification |
| Koha item type | Text Books |
| 942 ## - ADDED ENTRY ELEMENTS (KOHA) | |
| -- | 17 |
| Withdrawn status | Lost status | Source of classification or shelving scheme | Damaged status | Not for loan | Collection code | Home library | Current library | Date acquired | Source of acquisition | Cost, normal purchase price | Bill Number | Total Checkouts | Full call number | Acc. no. / Barcode | Date last seen | Date last borrowed | Actual Cost, discounted price | Bill Date | Koha item type |
|---|---|---|---|---|---|---|---|---|---|---|---|---|---|---|---|---|---|---|---|
| Dewey Decimal Classification | B.Tech(CE) | PIET C-LIBRARY | PIET C-LIBRARY | 03/01/2016 | KIRTI PRAKASHAN, NEW DELHI | 775.00 | IN3717 | 4 | 620.106 RAT | 28149 | 04/04/2022 | 21/03/2022 | 565.75 | 22/02/2016 | Text Books | ||||
| Dewey Decimal Classification | B.Tech(CE) | PIET C-LIBRARY | PIET C-LIBRARY | 03/01/2016 | KIRTI PRAKASHAN, NEW DELHI | 775.00 | IN3717 | 3 | 620.106 RAT | 28150 | 06/12/2021 | 22/11/2021 | 565.75 | 22/02/2016 | Text Books | ||||
| Dewey Decimal Classification | B.Tech(CE) | PIET C-LIBRARY | PIET C-LIBRARY | 03/01/2016 | KIRTI PRAKASHAN, NEW DELHI | 775.00 | IN3717 | 7 | 620.106 RAT | 28151 | 19/12/2024 | 02/12/2024 | 565.75 | 22/02/2016 | Text Books | ||||
| Dewey Decimal Classification | B.Tech(CE) | PIET C-LIBRARY | PIET C-LIBRARY | 03/01/2016 | KIRTI PRAKASHAN, NEW DELHI | 775.00 | IN3717 | 4 | 620.106 RAT | 28152 | 03/01/2025 | 02/12/2024 | 565.75 | 22/02/2016 | Text Books | ||||
| Dewey Decimal Classification | B.Tech(CE) | PIET C-LIBRARY | PIET C-LIBRARY | 03/01/2016 | KIRTI PRAKASHAN, NEW DELHI | 775.00 | IN3717 | 1 | 620.106 RAT | 28153 | 29/11/2021 | 11/11/2021 | 565.75 | 22/02/2016 | Text Books |